| 000 | 01626nam0a2200301 i 4500 | ||
|---|---|---|---|
| 001 | RU\NLR\BIBL_A\011455985 | ||
| 005 | 20240921145017.0 | ||
| 010 |
_a9785400008900 _9130 |
||
| 021 |
_aRU _b2017-53711 _93830 |
||
| 035 | _a(RuMoRGB)008628872 | ||
| 035 | _a(NLR Aleph) 011455985 | ||
| 090 |
_a11777315 _c11777315 |
||
| 100 | _a20170815d2013 u y0rusy50 ca | ||
| 101 | 0 | _arus | |
| 102 | _aRU | ||
| 105 | _aa|||j|||000yy | ||
| 200 | 1 |
_aСовременная организация государственных учреждений России _eучебное пособие _fО.Ю. Шаходанова _gРоссийская Федерация, Министерство образования и науки, ФГБОУ ВПО Тюменский государственный университет, Институт дистанционного образования, Институт истории и политических наук |
|
| 210 |
_aТюмень _cИзд-во Тюменского государственного университета _d2013 |
||
| 215 |
_a142 с. _cил., табл. _d21 |
||
| 320 | _aБиблиогр.: с. 138-142 | ||
| 606 | 1 |
_aГосударственные учреждения _jУчебные издания для высших учебных заведений _yРоссийская Федерация _92627417 _3RU\NLR\AUTH\661563977 |
|
| 686 |
_aХ620.6я73-1 _2rubbk |
||
| 686 | 1 | _aХ621.011я73 | |
| 700 | 1 |
_aШаходанова _bО. Ю. _gОльга Юрьевна |
|
| 942 | _cBOOK | ||
| 980 | _aNBR | ||